[Event "Salo SK WE"]
[Site "Salo"]
[Date "2020.02.16"]
[Round "4"]
[White "Lonnqvist, Henrik"]
[Black "Hokkanen, Petri"]
[Result "1-0"]
[WhiteElo "2016"]
[BlackElo "2217"]
[PlyCount "95"]
[EventDate "2020.02.14"]
[EventType "swiss"]
[EventRounds "5"]
[EventCountry "FIN"]
[SourceTitle "EXT 2021"]
[Source "ChessBase"]
[SourceDate "2020.10.23"]
[SourceVersion "1"]
[SourceVersionDate "2020.10.23"]
[SourceQuality "1"]

1. e4 g6 2. d4 Bg7 3. Nf3 c6 4. Bd3 d5 5. exd5 cxd5 6. 0-0 Bg4 7. c3 Nc6 8. Nbd2 Qd7 9. h3 Bf5 10. Be2 Qc7 11. Nb3 Nf6 12. Be3 0-0 13. Nc5 Rfd8 14. b4 b6 15. Na6 Qd6 16. Qc1 Ne4 17. g4 Bd7 18. b5 Na5 19. Bf4 Nxc3 20. Bd1 e5 21. dxe5 Qe7 22. Qxc3 Bxb5 23. Bg5 Qd7 24. Bxd8 Rxd8 25. Nb4 d4 26. Qd2 Bxf1 27. Kxf1 Nc4 28. Qd3 Nxe5 29. Nxe5 Bxe5 30. Bf3 Rc8 31. Nd5 Rc5 32. Qb3 Kg7 33. a4 h6 34. Re1 Qd6 35. Bg2 Rc8 36. Qd3 Bf6 37. Qf3 Rc4 38. Qb3 Rc5 39. Rd1 Be5 40. Bf3 Qd8 41. Be4 Qd6 42. Rd3 Rc1+ 43. Kg2 Bh2 44. Rd1 Rc5 45. Rxd4 Qe5 46. Qd1 Bf4 47. Nxf4 Qxf4 48. Bxg6 1-0

[Event "FIN-ch"]
[Site "Helsinki"]
[Date "2019.06.18"]
[Round "9"]
[White "Koykka, Pekka"]
[Black "Hokkanen, Petri"]
[Result "1-0"]
[WhiteElo "2399"]
[BlackElo "2199"]
[PlyCount "40"]
[EventDate "2019.06.10"]
[EventType "swiss"]
[EventRounds "9"]
[EventCountry "FIN"]
[SourceTitle "CBM 191 Extra"]
[Source "ChessBase"]
[SourceDate "2019.09.30"]
[SourceVersion "1"]
[SourceVersionDate "2019.09.30"]
[SourceQuality "1"]

1. e4 c5 2. Nf3 Nc6 3. d4 cxd4 4. Nxd4 g6 5. Nc3 Bg7 6. Be3 Nf6 7. Bc4 0-0 8. Bb3 Qa5 9. 0-0 d6 10. h3 Bd7 11. Re1 Qh5 12. Nxc6 bxc6 13. e5 Qxe5 14. Bd4 Qg5 15. Rxe7 Bf5 16. Be3 Qh4 17. Qxd6 Nh5 18. Rxa7 Rxa7 19. Bxa7 Re8 20. Qxc6 Rd8 1-0

[Event "FIN-ch"]
[Site "Helsinki"]
[Date "2019.06.13"]
[Round "4"]
[White "Hokkanen, Petri"]
[Black "Nyysti, Sampsa"]
[Result "0-1"]
[WhiteElo "2199"]
[BlackElo "2320"]
[PlyCount "58"]
[EventDate "2019.06.10"]
[EventType "swiss"]
[EventRounds "9"]
[EventCountry "FIN"]
[SourceTitle "CBM 191 Extra"]
[Source "ChessBase"]
[SourceDate "2019.09.30"]
[SourceVersion "1"]
[SourceVersionDate "2019.09.30"]
[SourceQuality "1"]

1. Nf3 Nf6 2. c4 c5 3. g3 b6 4. Bg2 Bb7 5. 0-0 e6 6. b3 Be7 7. Bb2 0-0 8. Nc3 d6 9. e3 Nbd7 10. h3 a6 11. a4 Rc8 12. d3 d5 13. Re1 Qc7 14. e4 d4 15. Ne2 e5 16. Nh4 g6 17. Bc1 Nh5 18. Bh6 Ng7 19. Qd2 f5 20. f4 fxe4 21. dxe4 Nf6 22. Qd3 Nfh5 23. Nf3 exf4 24. gxf4 Bd6 25. e5 Be7 26. Rf1 Rf5 27. Nd2 Bxg2 28. Kxg2 Ne6 29. Rf3 Bf8 0-1

[Event "FIN-ch"]
[Site "Helsinki"]
[Date "2019.06.11"]
[Round "2"]
[White "Sipila, Vilka"]
[Black "Hokkanen, Petri"]
[Result "1-0"]
[WhiteElo "2410"]
[BlackElo "2199"]
[PlyCount "42"]
[EventDate "2019.06.10"]
[EventType "swiss"]
[EventRounds "9"]
[EventCountry "FIN"]
[SourceTitle "CBM 191 Extra"]
[Source "ChessBase"]
[SourceDate "2019.09.30"]
[SourceVersion "1"]
[SourceVersionDate "2019.09.30"]
[SourceQuality "1"]

1. e4 d6 2. d4 Nf6 3. Nc3 g6 4. f4 Bg7 5. Nf3 0-0 6. Bd3 Nc6 7. e5 dxe5 8. fxe5 Nd5 9. Nxd5 Qxd5 10. c3 a6 11. Qe2 Rb8 12. 0-0 b5 13. Be4 Qd7 14. e6 fxe6 15. Be3 Bb7 16. Ng5 Na5 17. Bd3 Nc4 18. Rxf8+ Rxf8 19. Nxh7 Kxh7 20. Qh5+ Kg8 21. Bxg6 Rf6 1-0

[Event "FIN-chT 1819"]
[Site "Finland"]
[Date "2019.04.06"]
[Round "10.4"]
[White "Hokkanen, Petri"]
[Black "Puranen, Jukka"]
[Result "1-0"]
[WhiteElo "2251"]
[BlackElo "2239"]
[PlyCount "63"]
[EventDate "2018.09.15"]
[EventType "team-tourn"]
[EventRounds "11"]
[EventCountry "FIN"]
[SourceTitle "CBM 189 Extra"]
[Source "ChessBase"]
[SourceDate "2019.06.03"]
[SourceVersion "1"]
[SourceVersionDate "2019.06.03"]
[SourceQuality "1"]
[WhiteTeam "Joensuu SK"]
[BlackTeam "Kotka KymS"]
[WhiteTeamCountry "FIN"]
[BlackTeamCountry "FIN"]

1. d4 c5 2. c3 Nf6 3. Bf4 e6 4. e3 b6 5. Nf3 Bb7 6. Bd3 Be7 7. h3 0-0 8. 0-0 d6 9. Qe2 Ne4 10. Nfd2 f5 11. Nxe4 fxe4 12. Bc2 Nd7 13. Nd2 Nf6 14. f3 exf3 15. Nxf3 Ne4 16. Nd2 Nxd2 17. Qxd2 Qc7 18. Qe2 Bf6 19. Qh5 g6 20. Qg4 Rae8 21. dxc5 bxc5 22. Rad1 e5 23. Bh6 Bg7 24. Rxf8+ Kxf8 25. Qh4 d5 26. e4 c4 27. exd5 Kg8 28. Bxg7 Kxg7 29. d6 Qb6+ 30. Kh2 Qxb2 31. d7 Qxc2 32. dxe8N+ 1-0

[Event "FIN-chT 1819"]
[Site "Finland"]
[Date "2018.12.08"]
[Round "5.2"]
[White "Hokkanen, Petri"]
[Black "Keinanen, Toivo"]
[Result "0-1"]
[WhiteElo "2251"]
[BlackElo "2402"]
[PlyCount "104"]
[EventDate "2018.09.15"]
[EventType "team-tourn"]
[EventRounds "11"]
[EventCountry "FIN"]
[SourceTitle "CBM 187 Extra"]
[Source "ChessBase"]
[SourceDate "2018.11.04"]
[SourceVersion "1"]
[SourceVersionDate "2018.11.04"]
[SourceQuality "1"]
[WhiteTeam "Joensuu SK"]
[BlackTeam "Espoo MatSK"]
[WhiteTeamCountry "FIN"]
[BlackTeamCountry "FIN"]

1. e4 c5 2. Nf3 g6 3. d4 cxd4 4. Nxd4 Nc6 5. c4 Nf6 6. Nc3 d6 7. f3 Nxd4 8. Qxd4 Bg7 9. Be3 0-0 10. Qd2 a5 11. Rc1 a4 12. Be2 Be6 13. 0-0 Qa5 14. Rfd1 Rfc8 15. Nd5 Qxd2 16. Bxd2 Nxd5 17. exd5 Bf5 18. g4 Bd7 19. b4 axb3 20. axb3 Ra2 21. Kf1 Rca8 22. c5 dxc5 23. Rxc5 Be5 24. h3 R8a3 25. f4 Bd6 26. Rc3 Rb2 27. Bc1 Rbxb3 28. Bxa3 Rxc3 29. Bxd6 exd6 30. Rb1 b5 31. Bxb5 Bxb5+ 32. Rxb5 Rxh3 33. Ke2 h6 34. Rb6 Rg3 35. Rxd6 Rxg4 36. Ke3 Kg7 37. Ra6 Rg1 38. Kd4 h5 39. Ke5 h4 40. Ra2 Re1+ 41. Kd6 f6 42. Kc7 Rc1+ 43. Kd7 Rd1 44. d6 g5 45. Ke6 Kg6 46. f5+ Kh5 47. Ra8 g4 48. Kxf6 g3 49. Rg8 Rxd6+ 50. Ke5 Rd2 51. f6 Re2+ 52. Kd4 Rf2 0-1

[Event "FIN-chT 1819"]
[Site "Finland"]
[Date "2018.11.10"]
[Round "3.4"]
[White "Hokkanen, Petri"]
[Black "Nyysti, Sampsa"]
[Result "0-1"]
[WhiteElo "2251"]
[BlackElo "2307"]
[PlyCount "58"]
[EventDate "2018.09.15"]
[EventType "team-tourn"]
[EventRounds "11"]
[EventCountry "FIN"]
[SourceTitle "CBM 187 Extra"]
[Source "ChessBase"]
[SourceDate "2018.11.04"]
[SourceVersion "1"]
[SourceVersionDate "2018.11.04"]
[SourceQuality "1"]
[WhiteTeam "Joensuu SK"]
[BlackTeam "Helsinki Comeon"]
[WhiteTeamCountry "FIN"]
[BlackTeamCountry "FIN"]

1. Nf3 Nf6 2. d4 e6 3. Bg5 h6 4. Bh4 c5 5. e3 b6 6. Bd3 Bb7 7. 0-0 Be7 8. Nbd2 0-0 9. c3 cxd4 10. exd4 d6 11. Qe2 Nbd7 12. a4 a6 13. Rfe1 Re8 14. Rad1 Qc8 15. Bg3 Bc6 16. b3 Nh5 17. c4 Qb7 18. Nh4 Nxg3 19. fxg3 d5 20. Rf1 Bf6 21. Qg4 b5 22. Rf2 bxc4 23. bxc4 Qb2 24. Nhf3 Qc3 25. cxd5 exd5 26. Nb1 Qb4 27. Rdf1 Nc5 28. Bf5 Ne4 29. Rc2 Bxa4 0-1

[Event "Hameenlinna We HamSK"]
[Site "Hameenlinna"]
[Date "2018.06.10"]
[Round "4"]
[White "Hokkanen, Petri"]
[Black "Khanov, Pavel"]
[Result "0-1"]
[WhiteElo "2273"]
[BlackElo "1896"]
[PlyCount "56"]
[EventDate "2018.06.21"]
[EventType "swiss"]
[EventRounds "4"]
[EventCountry "FIN"]
[SourceTitle "EXT 2022"]
[Source "ChessBase"]
[SourceDate "2021.10.06"]
[SourceVersion "1"]
[SourceVersionDate "2021.10.06"]
[SourceQuality "1"]

1. e4 c6 2. d4 d5 3. e5 Bf5 4. Nf3 e6 5. Be2 f6 6. 0-0 Nd7 7. c4 fxe5 8. dxe5 Bc5 9. Nc3 Ne7 10. cxd5 cxd5 11. Na4 0-0 12. Bg5 h6 13. Bh4 g5 14. Bg3 Nc6 15. Rc1 Be7 16. Nc3 a6 17. a3 Nc5 18. Nd4 Nxd4 19. Qxd4 Nb3 20. Qa4 Nxc1 21. Rxc1 Rc8 22. Rd1 Qb6 23. Rd2 Rfd8 24. h3 d4 25. Nd1 d3 26. Bg4 Rd4 27. b4 Bxg4 28. hxg4 a5 0-1

[Event "Hameenlinna We HamSK"]
[Site "Hameenlinna"]
[Date "2018.06.09"]
[Round "1"]
[White "Kauko, Pekka"]
[Black "Hokkanen, Petri"]
[Result "0-1"]
[WhiteElo "1896"]
[BlackElo "2273"]
[PlyCount "104"]
[EventDate "2018.06.21"]
[EventType "swiss"]
[EventRounds "4"]
[EventCountry "FIN"]
[SourceTitle "EXT 2022"]
[Source "ChessBase"]
[SourceDate "2021.10.06"]
[SourceVersion "1"]
[SourceVersionDate "2021.10.06"]
[SourceQuality "1"]

1. Nf3 d5 2. d4 Nf6 3. c4 c6 4. Nc3 a6 5. e3 g6 6. Be2 Bg7 7. 0-0 0-0 8. b3 b5 9. Ba3 Qa5 10. Bb2 Nbd7 11. Qd2 b4 12. Na4 Ne4 13. Qe1 Rb8 14. Rc1 Re8 15. cxd5 cxd5 16. Ne5 Nxe5 17. dxe5 Bd7 18. f3 Bxa4 19. fxe4 Bb5 20. a4 Bxe2 21. Qxe2 Rf8 22. exd5 Qxd5 23. Qc4 Rfd8 24. Bd4 h6 25. e6 f5 26. Bxg7 Kxg7 27. Qxa6 Qxb3 28. Qa7 Qxe6 29. Rc7 Re8 30. Qd4+ Kg8 31. a5 b3 32. Rb1 Red8 33. Qc3 b2 34. Rc6 Rd6 35. Rxd6 Qxd6 36. Rxb2 Rd8 37. Rb1 Kf7 38. Ra1 Qa6 39. Kf2 Rd3 40. Qb4 Qe6 41. Re1 Rb3 42. Qa4 Qd5 43. Re2 Qb5 44. Qa2 Kg7 45. a6 f4 46. Qa1+ Kh7 47. a7 fxe3+ 48. Rxe3 Rb2+ 49. Kg1 Rb1+ 50. Re1 Qc5+ 51. Kf1 Qc4+ 52. Kf2 Rxa1 0-1

[Event "Tampere We TammerSh A"]
[Site "Tampere "]
[Date "2017.10.01"]
[Round "3"]
[White "Hokkanen, Petri"]
[Black "Nieminen, Samuli"]
[Result "1/2-1/2"]
[WhiteElo "2257"]
[BlackElo "2169"]
[PlyCount "50"]
[EventDate "2017.09.30"]
[EventType "swiss"]
[EventRounds "4"]
[EventCountry "FIN"]
[SourceTitle "EXT 2022"]
[Source "ChessBase"]
[SourceDate "2021.10.06"]
[SourceVersion "1"]
[SourceVersionDate "2021.10.06"]
[SourceQuality "1"]

1. e4 c6 2. d4 d5 3. e5 Bf5 4. Nf3 e6 5. Be2 Nd7 6. 0-0 Ne7 7. Nh4 c5 8. c3 Be4 9. Nd2 cxd4 10. Nxe4 dxe4 11. Qxd4 Nc6 12. Qxe4 Ndxe5 13. Nf3 Nxf3+ 14. Bxf3 Bd6 15. Be3 Qc7 16. Qh4 0-0 17. Be4 g6 18. Bh6 Rfd8 19. Rfe1 Be7 20. Qh3 Rd7 21. Qf3 Rad8 22. Bf4 Bd6 23. Bg5 Be7 24. Bf4 Bd6 25. Bg5 Be7 1/2-1/2

[Event "Hameenlinna We HamSK"]
[Site "Hameenlinna"]
[Date "2017.06.10"]
[Round "3"]
[White "Hokkanen, Petri"]
[Black "Filen, Hannu"]
[Result "1-0"]
[WhiteElo "2257"]
[BlackElo "2072"]
[PlyCount "73"]
[EventDate "2017.06.10"]
[EventType "swiss"]
[EventRounds "5"]
[EventCountry "FIN"]
[SourceTitle "EXT 2022"]
[Source "ChessBase"]
[SourceDate "2021.10.06"]
[SourceVersion "1"]
[SourceVersionDate "2021.10.06"]
[SourceQuality "1"]

1. e4 e5 2. Nf3 Nc6 3. Bb5 a6 4. Bxc6 dxc6 5. 0-0 Bg4 6. h3 h5 7. d3 Bxf3 8. Qxf3 Qf6 9. Nd2 0-0-0 10. Qxf6 gxf6 11. Nc4 Ne7 12. f4 b5 13. Ne3 Ng6 14. fxe5 fxe5 15. Rxf7 Bc5 16. Kh2 Rdf8 17. Rxf8+ Rxf8 18. Nf5 Ne7 19. Bh6 Rg8 20. Nxe7+ Bxe7 21. g3 Bc5 22. Rf1 Rg6 23. Bd2 b4 24. Rf5 h4 25. g4 a5 26. b3 Bd4 27. Bg5 c5 28. Bxh4 a4 29. Rf6 axb3 30. axb3 Rg8 31. Bf2 Bc3 32. Kg3 Kb7 33. h4 Ra8 34. g5 Bd2 35. Kg4 Ra2 36. h5 Rxc2 37. h6 1-0

[Event "Hameenlinna We HamSK"]
[Site "Hameenlinna"]
[Date "2017.06.10"]
[Round "1"]
[White "Hokkanen, Petri"]
[Black "Gronroos, Matti"]
[Result "0-1"]
[WhiteElo "2257"]
[BlackElo "1941"]
[PlyCount "44"]
[EventDate "2017.06.10"]
[EventType "swiss"]
[EventRounds "5"]
[EventCountry "FIN"]
[SourceTitle "EXT 2022"]
[Source "ChessBase"]
[SourceDate "2021.10.06"]
[SourceVersion "1"]
[SourceVersionDate "2021.10.06"]
[SourceQuality "1"]

1. e4 e5 2. Nf3 Nc6 3. Bb5 f5 4. d3 fxe4 5. dxe4 Nf6 6. 0-0 Bc5 7. Nc3 d6 8. Bg5 0-0 9. Nd5 Kh8 10. c3 Ne7 11. Nxe7 Qxe7 12. Nh4 Qf7 13. Bxf6 Qxf6 14. Nf5 Bxf5 15. exf5 Qxf5 16. Qe2 Rf6 17. Bd3 Qg5 18. Qe4 g6 19. Rae1 Raf8 20. Re2 c6 21. h4 Qg3 22. b4 Bxf2+ 0-1

[Event "FIN-chT 1617"]
[Site "Finland"]
[Date "2017.03.11"]
[Round "10.5"]
[White "Wikman, Jimmy"]
[Black "Hokkanen, Petri"]
[Result "0-1"]
[WhiteElo "2036"]
[BlackElo "2251"]
[PlyCount "76"]
[EventDate "2016.09.17"]
[EventType "team-tourn"]
[EventRounds "11"]
[EventCountry "FIN"]
[SourceTitle "EXT 2018"]
[Source "ChessBase"]
[SourceDate "2017.10.13"]
[SourceVersion "1"]
[SourceVersionDate "2017.10.13"]
[SourceQuality "1"]
[WhiteTeam "Karjaa KarjUra"]
[BlackTeam "Helsinki Velhot"]
[WhiteTeamCountry "FIN"]
[BlackTeamCountry "FIN"]

1. e4 d6 2. d4 Nf6 3. Bd3 g6 4. Ne2 Bg7 5. Nd2 0-0 6. 0-0 e5 7. dxe5 dxe5 8. f3 Nc6 9. Bc4 Qe7 10. c3 Rd8 11. Kh1 Na5 12. Qa4 Nxc4 13. Nxc4 a6 14. Bg5 b5 15. Qa3 Qxa3 16. Nxa3 Be6 17. b3 h6 18. Bxf6 Bxf6 19. Rfd1 Be7 20. Nc2 Bc5 21. g4 a5 22. Ne1 Bb6 23. Nd3 f6 24. Nb2 Rxd1+ 25. Rxd1 a4 26. bxa4 bxa4 27. a3 Bb3 28. Rd7 Bc5 29. Rxc7 Bxa3 30. Nd3 Rd8 31. Nb4 Rd2 32. Rc8+ Kf7 33. Rc7+ Ke8 34. Ng1 Bxb4 35. cxb4 a3 36. b5 a2 37. Rc1 Be6 38. f4 Rb2 0-1

[Event "FIN-chT 1617"]
[Site "Finland"]
[Date "2016.09.17"]
[Round "1.5"]
[White "Hokkanen, Petri"]
[Black "Kilpi, Teemu"]
[Result "1-0"]
[WhiteElo "2251"]
[BlackElo "2116"]
[PlyCount "45"]
[EventDate "2016.09.17"]
[EventType "team-tourn"]
[EventRounds "11"]
[EventCountry "FIN"]
[SourceTitle "CBM 174 Extra"]
[Source "ChessBase"]
[SourceDate "2016.10.10"]
[SourceVersion "1"]
[SourceVersionDate "2016.10.10"]
[SourceQuality "1"]
[WhiteTeam "Helsinki Velhot"]
[BlackTeam "Oulu OSS"]
[WhiteTeamCountry "FIN"]
[BlackTeamCountry "FIN"]

1. Nf3 d5 2. d4 e6 3. Bf4 Bd6 4. e3 Nf6 5. Bd3 0-0 6. 0-0 c5 7. c3 cxd4 8. Bxd6 Qxd6 9. exd4 Ne4 10. Bxe4 dxe4 11. Nfd2 f5 12. f3 exf3 13. Nxf3 Nd7 14. Nbd2 Rf6 15. Nc4 Qc7 16. Qb3 Rh6 17. Rae1 Nf6 18. Ne3 Kh8 19. Ne5 g6 20. Qb4 Kg7 21. d5 exd5 22. N3g4 Rh4 23. Nxf6 1-0

[Event "FIN-chT 1516"]
[Site "Finland"]
[Date "2015.11.07"]
[Round "5.5"]
[White "Ristoja, Samu"]
[Black "Hokkanen, Petri"]
[Result "0-1"]
[WhiteElo "2123"]
[BlackElo "2222"]
[PlyCount "80"]
[EventDate "2015.09.12"]
[EventType "team-tourn"]
[EventRounds "11"]
[EventCountry "FIN"]
[SourceTitle "EXT 2017"]
[Source "ChessBase"]
[SourceDate "2016.10.25"]
[SourceVersion "1"]
[SourceVersionDate "2016.10.25"]
[SourceQuality "1"]
[WhiteTeam "Helsinki Garde"]
[BlackTeam "Helsinki Velhot"]
[WhiteTeamCountry "FIN"]
[BlackTeamCountry "FIN"]

1. e4 d6 2. d4 Nf6 3. f3 c5 4. dxc5 Qa5+ 5. Nc3 Qxc5 6. Nge2 g6 7. Nd4 Bg7 8. Be3 Qc7 9. Ndb5 Qa5 10. e5 dxe5 11. b4 Qd8 12. Qxd8+ Kxd8 13. Rd1+ Bd7 14. Bxa7 Nc6 15. Bb6+ Kc8 16. Nc7 Ra3 17. N3b5 Rxa2 18. Bc4 Rxc2 19. Ra1 Bf5 20. Bxf7 Nxb4 21. 0-0 Na6 22. Rfc1 Nxc7 23. Nxc7 Kd7 24. Rxc2 Bxc2 25. Rc1 Bf5 26. g4 Bh6 27. Rc4 Rf8 28. Bd5 Nxd5 29. Nxd5 Be6 30. Rc7+ Kd6 31. Nc3 Be3+ 32. Bxe3 Kxc7 33. Kg2 Kc6 34. Bg5 Bd5 35. Bxe7 Bxf3+ 36. Kg3 Rf7 37. Bg5 b5 38. Na2 Kc5 39. Bd2 Kc4 40. h4 Bb7 0-1

[Event "FIN-chT 1516"]
[Site "Finland"]
[Date "2015.11.06"]
[Round "9.6"]
[White "Hokkanen, Petri"]
[Black "Vakeva, Jani"]
[Result "1/2-1/2"]
[WhiteElo "2222"]
[BlackElo "2185"]
[PlyCount "149"]
[EventDate "2015.09.12"]
[EventType "team-tourn"]
[EventRounds "11"]
[EventCountry "FIN"]
[SourceTitle "EXT 2017"]
[Source "ChessBase"]
[SourceDate "2016.10.25"]
[SourceVersion "1"]
[SourceVersionDate "2016.10.25"]
[SourceQuality "1"]
[WhiteTeam "Helsinki Velhot"]
[BlackTeam "Kotka KymS"]
[WhiteTeamCountry "FIN"]
[BlackTeamCountry "FIN"]

1. e4 c5 2. Nf3 d6 3. Bb5+ Bd7 4. Bxd7+ Qxd7 5. 0-0 e6 6. c3 Nf6 7. Re1 Nc6 8. d4 cxd4 9. cxd4 d5 10. e5 Ne4 11. Nbd2 Nxd2 12. Bxd2 Be7 13. Rc1 0-0 14. Re3 Rfc8 15. a3 Bf8 16. Bc3 g6 17. Ng5 h6 18. Nh3 b5 19. Nf4 a5 20. Rg3 Bg7 21. Nd3 Qe7 22. b4 axb4 23. axb4 Ra2 24. Nc5 Qa7 25. Qd3 Qa3 26. Rb1 Rb8 27. h3 Ne7 28. Re3 Nf5 29. Ree1 Bf8 30. Rb3 Qa7 31. Reb1 Qe7 32. R3b2 Ra7 33. Kh2 Qg5 34. Bd2 Qh4 35. Be3 h5 36. g3 Qd8 37. Rc2 Kh7 38. Rbc1 Bh6 39. Bxh6 Kxh6 40. Qc3 Rba8 41. Nb3 Ra3 42. Qd2+ Qg5 43. Nc5 Ra1 44. Rxa1 Rxa1 45. Qd3 h4 46. Qd2 hxg3+ 47. fxg3 Qxd2+ 48. Rxd2 Rb1 49. g4 Nh4 50. Rf2 Kg7 51. Nb7 Rxb4 52. Nd6 Rb3 53. Rxf7+ Kg8 54. Rf6 Nf3+ 55. Kg2 Nxd4 56. Rxg6+ Kh7 57. Rf6 Re3 58. Rf4 Rd3 59. h4 b4 60. h5 b3 61. Rf7+ Kg8 62. Rb7 Nc6 63. Nf7 Rd2+ 64. Kg3 b2 65. g5 Rd3+ 66. Kf2 Rd2+ 67. Ke3 Rh2 68. Nh6+ Kf8 69. g6 Ne7 70. Ng4 Rxh5 71. g7+ Kxg7 72. Rxe7+ Kg6 73. Rb7 Kf5 74. Nf2 Kxe5 75. Rxb2 1/2-1/2

[Event "Helsinki Timo Munukan 50v A"]
[Site "Helsinki"]
[Date "2015.02.21"]
[Round "3"]
[White "Heinola, Vesa Pekka"]
[Black "Hokkanen, Petri"]
[Result "1/2-1/2"]
[WhiteElo "2220"]
[BlackElo "2219"]
[PlyCount "97"]
[EventDate "2015.02.21"]
[EventType "tourn"]
[EventRounds "5"]
[EventCountry "FIN"]
[SourceTitle "EXT 2022"]
[Source "ChessBase"]
[SourceDate "2021.10.06"]
[SourceVersion "1"]
[SourceVersionDate "2021.10.06"]
[SourceQuality "1"]

1. d4 d5 2. c4 c6 3. Nc3 Nf6 4. Nf3 a6 5. Qb3 g6 6. cxd5 Nxd5 7. e4 Nxc3 8. bxc3 Bg7 9. Be2 0-0 10. a4 c5 11. Be3 cxd4 12. cxd4 Nc6 13. Rd1 Qd6 14. 0-0 Bg4 15. e5 Qb4 16. Qxb4 Nxb4 17. Rb1 a5 18. Bd2 Bf5 19. Rb2 Rfd8 20. Bxb4 axb4 21. Rxb4 Be4 22. Nd2 Bc6 23. Bb5 Bxb5 24. Rxb5 Rxd4 25. Nf3 Rdxa4 26. Rxb7 Bf8 27. g3 h6 28. Kg2 Rd8 29. Rc1 Kg7 30. Rcc7 g5 31. h3 Kg6 32. g4 Rf4 33. Rd7 Rxd7 34. Rxd7 Re4 35. Rd4 Re2 36. Kf1 Rc2 37. Re4 e6 38. Re2 Rc3 39. Kg2 Bb4 40. h4 gxh4 41. Nxh4+ Kg5 42. Re4 Bc5 43. Nf3+ Kg6 44. Nh4+ Kg5 45. Nf3+ Kg6 46. Nh4+ Kg5 47. Nf3+ Kg6 48. Nh4+ Kg7 49. f4 1/2-1/2